000 nam a22 a 4500
999 _c935
_d935
003 AKMAL
005 20170508094429.0
008 170508s2000 my 00 may d
020 _a9830462544 (kkt.):
_cRM10.00
040 _aAKMAL
082 0 4 _a297.23 MUH
_221
090 0 0 _a297.563
_bMUH
100 0 _aMuhammad Isa Selamat
_91930
245 1 0 _aNIkmat Kubur Pengadilan Mahsyar
_bKebahagiaan Akhirat
_coleh Muhammad Isa Selamat
260 _aKuala Lumpur :
_bDarul Nu'man,
_c1999
300 0 0 _avi, 218ms. ;
_c21cm
504 _aMengandungi rujukan bibliografi
650 0 _aChildren
_xConduct of life
_91994
650 0 _aChildren
_xReligious aspects
_91995
650 0 _aFamilies
_xReligious aspects
_xIslam
_91546
942 _2ddc
_cBOOK